Geography Quiz

Random Geography or Blitz Quiz

Geography 'M' Blitz Quiz Stats

 Plays Quiz Updated Dec 21, 2017

Challenge
Share
Tweet
Embed
Score 0/20 Timer 02:00
15 Plays Today
Category Answer % Correct
US stateMaine
97.6%
African CountryMorocco
95.4%
European countryMoldova
89.7%
North American countryMexico
89%
Asian countryMongolia
85.6%
New York City boroughManhattan
84.9%
Olympic cityMoscow
81.4%
European capitalMadrid
79.6%
North American capitalManagua
72.1%
SeaMediterranean
63.1%
Category Answer % Correct
Canadian provinceManitoba
62%
Major river*Mekong
59.3%
Oceanian countryMicronesia
57.8%
Asian capitalManila
56%
South American capitalMontevideo
52.1%
Major island*Madagascar
48.6%
Desert*Mojave
40.4%
US state capitalMadison
38.4%
African capitalMogadishu
37%
Oceanian capitalMajuro
14.4%

You're not logged in!

Compare scores with friends on all Sporcle quizzes.
OR
Log In

You Might Also Like...

Show Comments

Extras

Top Quizzes Today


Score Distribution

Your Account Isn't Verified!

In order to create a playlist on Sporcle, you need to verify the email address you used during registration. Go to your Sporcle Settings to finish the process.

Report this User

Report this user for behavior that violates our Community Guidelines.

Details: